|
|
|
|
| LEADER |
00000nab a2200000 a 4500 |
| 001 |
vtls000125624 |
| 003 |
SK-MaSNL |
| 005 |
20260304051107.0 |
| 008 |
250422c1982 xo 0 slo |
| 015 |
|
|
|a SNBRB19rr/mm-uuuuu
|
| 035 |
|
|
|a CL0135729
|
| 035 |
|
|
|a urn:nbn:sk:snk-abbbbd
|
| 035 |
|
|
|a (urnnbn)urn:nbn:sk:snk:ar-000m6q
|
| 035 |
|
|
|a (uuid)2d70ff94-bde3-4543-b39b-f444a0a26f15
|
| 040 |
|
|
|a SNKBUCL
|b slo
|c SNKBUCL
|e AACR2
|
| 041 |
0 |
|
|a slo
|
| 044 |
|
|
|a xo
|c SK
|
| 080 |
|
|
|a 016:02(437.6)(048)
|2 1981
|
| 080 |
|
|
|a 02(437.6)(048)
|2 1981
|
| 100 |
1 |
|
|a B.
|4 aut
|9 758600
|
| 245 |
1 |
0 |
|a Súpis slovenskej knihovníckej literatúry
|c B. / ; Margita Buociková, Zdena Blažová, Agnesa Neupauerová
|
| 650 |
0 |
7 |
|a literatúra knihovnícka
|2 snkbucl
|9 926511
|
| 655 |
|
7 |
|a články z novín a časopisov
|2 snkbucl
|9 267496
|
| 700 |
1 |
|
|a Buociková, Margita,
|d 1939-
|4 aut
|9 75296
|
| 700 |
1 |
|
|a Blažová, Zdena
|4 aut
|9 275198
|
| 700 |
1 |
|
|a Neupauerová, Agnesa
|4 aut
|9 444004
|
| 773 |
0 |
|
|t Čitateľ
|g Roč. 31, č. 10 (1982), s. 482-483
|
| 787 |
0 |
8 |
|i Rec.:
|a Blažová, Zdena
|t Súpis slovenskej knihovníckej literatúry za rok 1979
|d Martin, Matica slovenská 1982.
|
| 850 |
|
|
|a Slovenská národná knižnica
|
| 852 |
|
|
|a Slovenská národná knižnica
|
| 954 |
|
|
|a odborná, vedecká literatúra pôvodná (slovenská)
|2 lita
|
| 958 |
|
|
|a article15
|
| 958 |
|
|
|a OND
|
| 958 |
|
|
|a RK
|
| 958 |
|
|
|a KL
|
| 958 |
|
|
|a EUIPO
|
| 992 |
|
|
|a RBX
|
| 999 |
|
|
|c 2701876
|d 2703806
|